Skip to content
VuFind
Login
All Fields
Title
Author
Subject
Call Number
ISBN/ISSN
Tag
Find
Advanced
Froteztology
Cite this
Text this
Email this
Print
Export Record
Export to RefWorks
Export to EndNoteWeb
Export to EndNote
Export to MARC
Export to BibTeX
Export to RIS
Save to List
Permanent link
Froteztology
Saved in:
Bibliographic Details
Main Author:
Ariyasinghe, Marlon
Format:
Book
Published:
2011
Tags:
Add Tag
No Tags, Be the first to tag this record!
Holdings
Description
Comments
Similar Items
Staff View
MARC
LEADER
00000nam a2200000 a 4500
020
|a
9789550392032
082
|a
821
100
|a
Ariyasinghe, Marlon
245
|a
Froteztology
260
|c
2011
300
|a
87p. ; 20cm.
942
|c
AFW
999
|c
67876
|d
67876
Similar Items
Tilly And The Big Peanut /
by: Marlon, Hamsi
Published: (2021)
මුට්ටු සහ රටකජු ඇටය/
by: Marlon, Hamsi
Tilly and the Big Peanut/
by: Marlon, Hamsi
Published: (2021)
A Brief history of sevem killings
by: James, Marlon
Published: (2015)
Tilly and the big peanut
by: Marlon, Hamsi
Published: (2021)